All Wonder Girls Songs - Statistics

General Stats
  • This quiz has been taken 3 times
  • The average score is 25 of 64
Answer Stats
Group Answer % Correct
Wonder World Be My Baby
100%
Wonder World Be My Baby (English)
100%
Wonder World Be My Baby (Remix)
100%
The Wonder Years: Trilogy Nobody
100%
2 Different Tears Nobody
100%
Reboot Rewind
100%
So Hot So Hot
100%
2 Different Tears So Hot
100%
The Wonder Years Tell Me
100%
2 Different Tears Tell Me
100%
So Hot Tell Me (rap version)
100%
Why So Lonely Why So Lonely
100%
Reboot Baby Don't Play
67%
Why So Lonely Beautiful Boy
67%
Reboot Candle
67%
Reboot Faded Love
67%
Reboot I Feel You
67%
Wonder Party Like This
67%
Why So Lonely Sweet & Easy
67%
Wonder World 두고두고
33%
2 Different Tears 2 Different Tears
33%
Wonder World Act Cool
33%
Reboot Back
33%
The Wonder Years Bad Boy
33%
The Wonder Begins Bad Boy
33%
Wonder World Dear Boy
33%
The Wonder Years Friend
33%
Wonder Party Girlfriend
33%
Wonder World Girls Girls
33%
Wonder World G.N.O.
33%
Reboot Gone
33%
The Wonder Years Irony
33%
The Wonder Begins Irony
33%
The Wonder Begins Irony (Remix)
33%
Reboot John Doe
33%
Reboot Loved
33%
Wonder World Me, In
33%
Wonder World Nu Shoes
33%
Reboot One Black Night
33%
Reboot Remember
33%
Wonder World Stop!
33%
Wonder World SuperB
33%
Wonder World Sweet Dreams
33%
The Wonder Years This Fool
33%
Reboot 오빠
0%
The Wonder Years Good Bye
0%
The Wonder Years Headache
0%
Wonder Party Hey Boy
0%
The Wonder Years: Trilogy Intro
0%
The Wonder Years: Trilogy I Tried
0%
The Wonder Years It's Not Love
0%
The Wonder Begins It's Not Love
0%
The Wonder Years I Wanna
0%
The Wonder Years Move
0%
Wonder Party R.E.A.L.
0%
The Wonder Years: Trilogy Saying I Love You
0%
Wonder Party Sorry
0%
The Wonder Years So What
0%
The Wonder Years Take it
0%
Reboot Talk
0%
Wonder Party The DJ is Mine
0%
So Hot This TIme
0%
The Wonder Years Wishing on a Star
0%
So Hot You're Out
0%
No matching quizzes found
Score Distribution
Percent of People with Each Score
Percentile by Number Answered
Your Score History
You have not taken this quiz